Jane! - The Long Faces - Statistics

General Stats
  • This quiz has been taken 19 times
  • The average score is 165 of 229
Answer Stats
Hint Answer % Correct
a
100%
by
100%
early
100%
fools
100%
[Chorus] | [Outro] Jane,
100%
who
100%
Who
100%
you
100%
your
100%
Your
100%
you're
100%
adore
90%
devil
90%
dirtied
90%
life's
90%
the
90%
To
90%
to
90%
work
90%
and
80%
And
80%
hand
80%
is
80%
[Verse] Won't
80%
back
70%
down?
70%
dressing
70%
find,
70%
find
70%
for
70%
good
70%
guide
70%
honey
70%
in
70%
In
70%
lies
70%
luck
70%
on
70%
Only
70%
only
70%
out
70%
she
70%
those
70%
as
60%
backroom
60%
change
60%
day
60%
died
60%
eyes
60%
grass
60%
grave
60%
green,
60%
green
60%
her
60%
honeysuckle
60%
It's
60%
Now
60%
of
60%
owe
60%
paper,
60%
pay
60%
Reading
60%
reading
60%
Record
60%
right
60%
rose
60%
round
60%
saw
60%
silence
60%
small
60%
surprise
60%
sweet
60%
take
60%
that
60%
They
60%
they
60%
they'll
60%
what
60%
world
60%
again
50%
breathless,
50%
closed
50%
create
50%
from
50%
grand
50%
great?
50%
hold
50%
How
50%
kill
50%
land
50%
leading
50%
Leaving
50%
milk
50%
mirror,
50%
more
50%
open
50%
Red
50%
Taste
50%
tongue
50%
violence,
50%
doors
40%
equal
40%
Evil
40%
head
40%
keep
40%
poison
40%
seeking
40%
time,
40%
time
40%
trying
40%
Biding
30%
biding
30%
face
30%
fright
30%
makes
30%
strike
30%
Surely,
30%
with
30%
portrait
20%
smiling
20%
No matching quizzes found
Score Distribution
Percent of People with Each Score
Percentile by Number Answered
Your Score History
You have not taken this quiz